| Tag |
First Indicator |
Second Indicator |
Subfields |
| LEADER |
00000cam a22000001a 4500 |
| 001 |
in00004100800 |
| 005 |
20200117091241.0 |
| 006 |
m d f |
| 007 |
cr bn mmmapmmp |
| 008 |
110714s2008 dcu o f000 0 eng d |
| 035 |
|
|
|a chdc201000937
|
| 040 |
|
|
|a UMI
|c UMI
|d UtOrBLW
|
| 043 |
|
|
|a a-cc---
|
| 110 |
2 |
|
|a U.S.-China Economic and Security Review Commission.
|0 http://id.loc.gov/authorities/names/no2004005041
|
| 245 |
1 |
0 |
|a China's energy policies and their environmental impacts.
|
| 264 |
|
1 |
|a Washington :
|b U.S. G.P.O,
|c 2008.
|
| 300 |
|
|
|a 235 pages, digital, PDF file.
|
| 336 |
|
|
|a text
|b txt
|2 rdacontent
|
| 337 |
|
|
|a computer
|b c
|2 rdamedia
|
| 338 |
|
|
|a online resource
|b cr
|2 rdacarrier
|
| 500 |
|
|
|a Record is based on bibliographic data in ProQuest Congressional Hearings Digital Collection. Reuse except for individual research requires license from ProQuest, LLC.
|
| 500 |
|
|
|a "August 13, 2008."
|
| 500 |
|
|
|a Electronic resource.
|
| 533 |
|
|
|a Electronic reproduction.
|b [Bethesda, Md.] :
|c ProQuest,
|d 2010.
|e digital, PDF file.
|n ProQuest U.S. Congressional Hearings Digital Collection.
|n Mode of access: World Wide Web via ProQuest website.
|
| 538 |
|
|
|a System requirements: PDF reader software.
|
| 650 |
|
0 |
|a Energy policy
|z China.
|0 http://id.loc.gov/authorities/subjects/sh2008103053
|
| 650 |
|
0 |
|a Ecology
|z China.
|0 http://id.loc.gov/authorities/subjects/sh2008118579
|
| 650 |
|
0 |
|a Climatic changes
|z China.
|
| 776 |
0 |
8 |
|i Print version:
|a U.S.-China Economic and Security Review Commission.
|t China's energy policies and their environmental impacts
|
| 776 |
0 |
8 |
|i Microfiche version:
|a U.S.-China Economic and Security Review Commission.
|t China's energy policies and their environmental impacts
|d [Bethesda, Md.] : ProQuest,[2010]
|o CIS 2010 J891-8
|w (ProQuest)cis01001830
|
| 856 |
4 |
0 |
|u http://proxy.library.tamu.edu/login?url=http://search.proquest.com/congcomp/getdoc?HEARING-ID=HRG-2008-ESR-0008
|y Electronic resource (PDF)
|t 0
|
| 998 |
|
|
|a cis01001830
|
| 999 |
f |
f |
|s 33c23d9a-83d7-3c8f-b574-4fb1675d568d
|i 0e09cbc7-f0ad-3978-bc86-44bc634afeb4
|t 0
|
| 952 |
f |
f |
|a Texas A&M University
|b College Station
|c Electronic Resources
|d Available Online
|t 0
|h No information provided
|
| 998 |
f |
f |
|t 0
|l Available Online
|